000
00343pam a2200157a 44500
008
230405s2023 xxu||||| |||| 00| 0 eng d
041
_a
ENG
100
_a
Kitchen Philip
245
_a
Communicating Globally
250
_a
1
260
_a
_b
Ntc Businse
_c
2023
300
_a
280p,23cm
440
_a
695
690
_a
IMRDA
906
_a
5019
999
_c
257878
_d
257878